Find Snow Words: Sudden Death - Statistics

General Stats
  • This quiz has been taken 92 times
  • The average score is 8 of 12
Answers on the Grid
Answers color-coded by a green-red scale on the quiz's grid according to % correct below.
blizzard
tropical
ice
slush
sultry
flurry
snowmen
monsoon
waterspout
sleet
squall
oven-like
drifts
whiteout
sizzling
avalanche
dog days
bank
Sno-Caps
pack
 
Answer Stats
Answer % Correct
blizzard
96%
ice
92%
slush
87%
snowmen
86%
avalanche
85%
flurry
78%
sleet
72%
whiteout
71%
drifts
58%
bank
44%
pack
35%
squall
23%
No matching quizzes found
Score Distribution
Percent of People with Each Score
Percentile by Number Answered
Your Score History
You have not taken this quiz